LEADER 00648nam 2200169z- 450 001 9910690881903321 035 $a(CKB)5470000002341511 035 $a(EXLCZ)995470000002341511 100 $a20230503cuuuuuuuu -u- - 101 0 $aeng 200 00$aHIV/AIDS drugs : funding implications of new combination therapies for federal and state programs : report to the Subcommittee on Labor, Health and Human Services, and Education, Committee on Appropriations, U.S. Senate 210 $aWashington, D.C. (P.O. Box 37050, Washington 20013) 517 $aHIV/AIDS drugs 906 $aBOOK 912 $a9910690881903321 996 $aHIV$92062865 997 $aUNINA